| 000 | 01071nam a22002657a 4500 | ||
|---|---|---|---|
| 003 | OSt | ||
| 005 | 20221213114530.0 | ||
| 007 | cr ||||||a|c|a | ||
| 008 | 221205b2021 mx ||||fom||| 001 0 spa d | ||
| 040 | _erda | ||
| 100 | 1 |
_9133483 _aRamírez Loyola, Miguel Angel |
|
| 245 | 1 |
_aEvolución del consumo en México (1988-2019) / _cpor Miguel Angel Ramírez Loyola; director de tesis Dixia Dania Vega Valdivia |
|
| 264 | 1 |
_aChapingo, México : _bEl autor, _c2021. |
|
| 300 |
_a1 recurso en línea (69 páginas). _bgráficas |
||
| 336 |
_2rdacontent _atexto _btxt |
||
| 337 |
_2rdamedia _acomputadora _bc |
||
| 338 |
_2rdacarrier _arecurso en línea _bcr |
||
| 502 |
_bDCEA _cDICEA _d2021. _gDOC |
||
| 504 | _aIncluye referencias bibliográficas: páginas 21-24, 36-39, 65-67 | ||
| 650 | 7 |
_989463 _aPobreza |
|
| 650 | 4 |
_9145479 _aIngreso familiar |
|
| 700 | 1 |
_9118306 _aVega Valdivia, Dixia Dania _eDirector de tesis |
|
| 856 |
_uhttp://10.13.5.2/tesis/td/2021_EA_Ramirez_Loyola_MiguelAngel.pdf _zDESCARGAR PDF |
||
| 942 |
_2Clasificación Universidad Autónoma Chapingo _cTD |
||
| 999 |
_c217936 _d217936 |
||